Storia della costituzione dei municipi italiani dal dominio romano fino al cadere del secolo XII (Record no. 155179)
[ view plain ]
| 000 -LEADER | |
|---|---|
| campo de control de longitud fija | 00915nam a22001815i 4500 |
| 001 - NÚMERO DE CONTROL | |
| campo de control | 155179 |
| 003 - IDENTIFICADOR DE NÚMERO DE CONTROL | |
| campo de control | ES-MaACL |
| 005 - FECHA Y HORA DE LA ÚLTIMA TRANSACCIÓN | |
| campo de control | 20230906210002.0 |
| 008 - DATOS DE LONGITUD FIJA--INFORMACIÓN GENERAL | |
| campo de control de longitud fija | 040726s1861 it |||| | ita d |
| 040 ## - FUENTE DE CATALOGACIÓN | |
| Centro catalogador/agencia de origen | CAM |
| Lengua de catalogación | spa |
| Centro/agencia transcriptor | CAM |
| 100 1# - ENTRADA PRINCIPAL--NOMBRE DE PERSONA | |
| Nombre de persona | Hegel, Carlo. |
| 9 (RLIN) | 127829 |
| 245 10 - MENCIÓN DEL TÍTULO | |
| Título | Storia della costituzione dei municipi italiani dal dominio romano fino al cadere del secolo XII |
| Resto del título | : con appendidi intorno alle cittá fracesi e tedesche / |
| Mención de responsabilidad, etc. | del Dr. Carlo Hegel. |
| 250 ## - MENCION DE EDICION | |
| Mención de edición | 1ª ed. italiana |
| Resto de la mención de edición | accresciuta di una giunta sulle condizioni municipali di Roma nel X secolo del Dr. Guglielmo Giesebrecht e preceduta da una introduzione del prof. Fr. Conti. |
| 260 ## - PUBLICACIÓN, DISTRIBUCIÓN, ETC. | |
| Lugar de publicación, distribución, etc. | Milano ; |
| -- | Torino : |
| Nombre del editor, distribuidor, etc. | Casa editrice italiana di Maurizio Guigoni, |
| Fecha de publicación, distribución, etc. | 1861 ( |
| Fabricante | tip. giá Boniotti diretta da F. Gareffi) |
| 300 ## - DESCRIPCIÓN FÍSICA | |
| Extensión | XXXII, 717 p. ; |
| Dimensiones | 23 cm. |
| 651 #4 - PUNTO DE ACCESO ADICIONAL DE MATERIA--NOMBRE GEOGRÁFICO | |
| Nombre geográfico | Italia- |
| Subdivisión general | Municipios- |
| -- | Historia. |
| 9 (RLIN) | 137239 |
| 852 ## - LOCALIZACIÓN | |
| Ubicación | ES-MaACL |
| Número de control de estantería | F-8713 |
| Nota libre | -- Enc. hol. |
| Estatus retirado | Estado de pérdida | Estado de daño | No para préstamo | Colección | Biblioteca de origen | Biblioteca actual | Ubicación en estantería | Fecha de adquisición | Fuente de adquisición | Total de préstamos | Signatura topográfica completa | Código de barras | Visto por última vez | Precio de reemplazo | Tipo de ítem Koha |
|---|---|---|---|---|---|---|---|---|---|---|---|---|---|---|---|
| Libros del s. XIX | Biblioteca del Ateneo de Madrid | Biblioteca del Ateneo de Madrid | Sala Pecera Planta 2 | 17/01/2008 | F-8713 | 1162325 | 23/02/2023 | 23/02/2023 | Libro impreso antiguo |
